000 00409 a2200169 4500
001 184705
020 _a85-209-0972-8
040 _cMagnum
100 _aMachado, Ana Maria
240 1 0 _aO tesouro das virtudes para crianças
_lpor
245 1 0 _aO tesouro das virtudes para crianças
300 _a
362 0 _a1999
440 1 _aNova Fronteira
697 _aLITERATURA INFANTO-JUVENIL
942 _cBK
999 _c184705
_d184705